[Event "Prague Macek Memorial 2nd"]
[Site "Prague"]
[Date "2021.07.15"]
[Round "6"]
[White "Krnak, Vladimir"]
[Black "Akerman, Jan"]
[Result "1-0"]
[WhiteElo "1716"]
[BlackElo "1510"]
[PlyCount "87"]
[EventDate "2021.07.10"]
[EventType "tourn"]
[EventRounds "9"]
[EventCountry "CZE"]
[SourceTitle "EXT 2022"]
[Source "ChessBase"]
[SourceDate "2021.10.06"]
[SourceVersion "1"]
[SourceVersionDate "2021.10.06"]
[SourceQuality "1"]

1. d4 Nf6 2. c4 g6 3. Nf3 d5 4. cxd5 Nxd5 5. e4 Nf6 6. e5 Nd5 7. Bc4 c6 8. 0-0 Bg7 9. Nc3 h6 10. Bxd5 cxd5 11. Qb3 e6 12. Nb5 0-0 13. Nd6 b6 14. Bd2 Qd7 15. Bb4 Rd8 16. a4 Nc6 17. Bc3 Ba6 18. Rfe1 Bf8 19. Nb5 Rdc8 20. h3 Be7 21. Nh2 f5 22. exf6 Bxf6 23. Rad1 Rf8 24. Ng4 Bg7 25. Re3 Rf7 26. Rg3 Kh7 27. Ne5 Nxe5 28. dxe5 Bxb5 29. axb5 Raf8 30. Bd4 Rf5 31. Qd3 Qf7 32. Re1 Kh8 33. Re2 h5 34. Qc3 Bh6 35. Qc6 Kg7 36. Rc3 Qe7 37. Qd6 R5f7 38. Rec2 Bg5 39. Rc7 Qd8 40. Rxf7+ Rxf7 41. Qxe6 Re7 42. Qd6 Qd7 43. Qxd7 Rxd7 44. e6+ 1-0

[Event "Prague Macek Memorial 2nd"]
[Site "Prague"]
[Date "2021.07.14"]
[Round "5"]
[White "Akerman, Jan"]
[Black "Pribyl, Josef"]
[Result "0-1"]
[WhiteElo "1510"]
[BlackElo "2222"]
[PlyCount "22"]
[EventDate "2021.07.10"]
[EventType "tourn"]
[EventRounds "9"]
[EventCountry "CZE"]
[SourceTitle "EXT 2022"]
[Source "ChessBase"]
[SourceDate "2021.10.06"]
[SourceVersion "1"]
[SourceVersionDate "2021.10.06"]
[SourceQuality "1"]

1. e4 Nf6 2. e5 Nd5 3. d4 d6 4. Nf3 Bg4 5. c4 Nb6 6. Be2 dxe5 7. dxe5 Qxd1+ 8. Bxd1 Nxc4 9. Bb3 Bxf3 10. gxf3 Nxe5 11. Bf4 Nd3+ 0-1

[Event "Prague Macek Memorial 2nd"]
[Site "Prague"]
[Date "2021.07.12"]
[Round "3"]
[White "Akerman, Jan"]
[Black "Jakus, Lubomir"]
[Result "1-0"]
[WhiteElo "1510"]
[BlackElo "1472"]
[PlyCount "117"]
[EventDate "2021.07.10"]
[EventType "tourn"]
[EventRounds "9"]
[EventCountry "CZE"]
[SourceTitle "EXT 2022"]
[Source "ChessBase"]
[SourceDate "2021.10.06"]
[SourceVersion "1"]
[SourceVersionDate "2021.10.06"]
[SourceQuality "1"]

1. e4 e5 2. Nf3 Nc6 3. Bc4 Nf6 4. Ng5 d5 5. exd5 Na5 6. Bb5+ c6 7. dxc6 bxc6 8. Qf3 Qd5 9. Qxd5 Nxd5 10. Be2 h6 11. Nf3 Bd6 12. 0-0 0-0 13. a3 Bf5 14. d3 c5 15. Nh4 Bd7 16. Bf3 Bc6 17. Bd2 Nb7 18. Nf5 Rae8 19. c4 g6 20. Nxd6 Nxd6 21. cxd5 Bb5 22. Bxh6 Bxd3 23. Re1 e4 24. Be2 Nf5 25. Bxf8 Rxf8 26. Bxd3 exd3 27. b3 Nd4 28. Nd2 Nc2 29. Rac1 Nxe1 30. Rxe1 Rd8 31. Re5 f6 32. Re6 Kf7 33. Ra6 Rxd5 34. Rxa7+ Ke6 35. f3 Re5 36. Nc4 Re2 37. Kf1 Rc2 38. Ra6+ Kf5 39. Rd6 Rc3 40. Nd2 Ke5 41. Rd8 f5 42. g3 g5 43. a4 Ke6 44. a5 Rc1+ 45. Kf2 Ra1 46. Rxd3 Ra3 47. Nc4 Ra2+ 48. Rd2 Ra1 49. h3 Rh1 50. Kg2 Rb1 51. Rb2 Ra1 52. f4 gxf4 53. gxf4 Kd5 54. Re2 Kd4 55. Re3 Ra2+ 56. Kg3 Rc2 57. Kh4 Rxc4 58. bxc4 Kxe3 59. Kg5 1-0

[Event "Prague Macek Memorial 2nd"]
[Site "Prague"]
[Date "2021.07.10"]
[Round "1"]
[White "Akerman, Jan"]
[Black "Vasko, Pavel"]
[Result "1-0"]
[WhiteElo "1510"]
[BlackElo "1486"]
[PlyCount "55"]
[EventDate "2021.07.10"]
[EventType "tourn"]
[EventRounds "9"]
[EventCountry "CZE"]
[SourceTitle "EXT 2022"]
[Source "ChessBase"]
[SourceDate "2021.10.06"]
[SourceVersion "1"]
[SourceVersionDate "2021.10.06"]
[SourceQuality "1"]

1. e4 e5 2. Nf3 Nf6 3. Nxe5 d6 4. Nf3 Nxe4 5. d3 Nf6 6. Bg5 Be7 7. Be2 0-0 8. 0-0 b6 9. d4 Bb7 10. c4 Nbd7 11. Nc3 c5 12. d5 Qc7 13. Re1 Rfe8 14. Bd3 Nf8 15. Nh4 Nxd5 16. Nxd5 Bxd5 17. Bxe7 Rxe7 18. cxd5 Rae8 19. Qd2 g6 20. Nf3 Nd7 21. Bb5 Rxe1+ 22. Rxe1 Rxe1+ 23. Qxe1 Nf6 24. Bc6 a6 25. Qe2 b5 26. a4 bxa4 27. Qxa6 Qb8 28. Qa8 1-0